00688nas a2200217Ia 4500001001100000003000900011008004100020040001300061040001300074041001300087100004900100210001100149222001100160245008100171250001100252260003000263501008600293300001700379362003800396650003600434R008/D0802IT-RoPAU151124c99999999xx |||||||||||| ||und|| aIT-RoPAU cIT-RoPAU aITALIANO aBaricco AlessandrogCodice Aut. SPICS: 26431 aGARAGE aGarage aGARAGE, ANNO 02-NUMERO SPECIALE (1995)bItalia (L'), Se Uno la Sa Raccontare a1a ed. aTORINObSCRIPTORIUMc1995 bPaulus - SPICS - Società San Paolo EM (non-commercial uses only)cCopyright2015 a2 p. [11-12] aANNO 009, -NUMERO SPECIALE (1995) aCINEMAvPUBBLICAZIONE PERIODICA